| 000 | 01368 a2200241 4500 | ||
|---|---|---|---|
| 003 | NUST | ||
| 005 | 20221130164056.0 | ||
| 010 | _a 96028311 | ||
| 020 | _a0070170592 (acid-free paper) | ||
| 040 | _cNust | ||
| 082 | 0 | 0 | _a536.7,ZEM |
| 100 | 1 |
_aZemansky, Mark Waldo, _940014 |
|
| 245 | 1 | 0 |
_aHeat and thermodynamics : _ban intermediate textbook / _cMark W. Zemansky, Richard H. Dittman. |
| 250 | _a7th ed. | ||
| 260 |
_aNew York : _bMcGraw-Hill, _cc1997. |
||
| 300 |
_axx, 486 p. : _bill. ; _c25 cm. |
||
| 505 | _aTemperature and the Zeroth Law of Thermodynamics (Page-3), Simple Thermodynamic Systems (Page-29), Work (Page-49), Heat and the First Law of Thermodynamics (Page-72), Ideal Gas (106), The Second Law of Thermodynamics (Page-140), The Carnot Cycle and the Thermodynamic Temperature Scale (168 ), Entropy ( Page-186), Pure Substances (Page-222), Mathematical Methods (249), Open Systems (277), Statistical Mechanics (Page-307), Thermal Properties of Solids (Page-337), Critical Phenomena; Higher-Order Phase Transitions (Page-359), Chemical Equilibrium(Page-386), Ideal-Gas Reactions (Page-413), Heterogeneous Systems (433). | ||
| 650 | 0 |
_aHeat. _939745 |
|
| 650 | 0 | _aThermodynamics. | |
| 700 | 1 |
_aDittman, Richard. _940015 |
|
| 856 | 4 | 2 |
_3Publisher description _uhttp://www.loc.gov/catdir/description/mh022/96028311.html |
| 942 |
_2ddc _cBK _k536.7,ZEM |
||
| 999 |
_c184010 _d184010 |
||